<?xml version="1.0" encoding="UTF-8"?>
<record
    xmlns:xsi="http://www.w3.org/2001/XMLSchema-instance"
    xsi:schemaLocation="http://www.loc.gov/MARC21/slim http://www.loc.gov/standards/marcxml/schema/MARC21slim.xsd"
    xmlns="http://www.loc.gov/MARC21/slim">

  <leader>00834nam a22002055i 4500</leader>
  <controlfield tag="001">170316</controlfield>
  <controlfield tag="003">ES-MaACL</controlfield>
  <controlfield tag="005">20250522163656.0</controlfield>
  <controlfield tag="008">090223s1948    fr           |||| | fre d</controlfield>
  <datafield tag="080" ind1=" " ind2=" ">
    <subfield code="a">782.1</subfield>
  </datafield>
  <datafield tag="100" ind1="1" ind2=" ">
    <subfield code="a">D'Annunzio, Gabriele,</subfield>
    <subfield code="d">1863-1938</subfield>
    <subfield code="9">42351</subfield>
  </datafield>
  <datafield tag="245" ind1="1" ind2="3">
    <subfield code="a">Le martyre de Saint S&#xE9;bastien / </subfield>
    <subfield code="c">myst&#xE8;re de Gabriele D'Annunzio ; musique de Claude Debussy ; analyses et textes destin&#xE9;s &#xE0; accompagner les ex&#xE9;cutions symphoniques &#xE9;tablis par Germaine Inghelbrecht.</subfield>
  </datafield>
  <datafield tag="260" ind1=" " ind2=" ">
    <subfield code="a">Paris : </subfield>
    <subfield code="b">Durand &amp; C&#xED;e., </subfield>
    <subfield code="c">1948.</subfield>
  </datafield>
  <datafield tag="300" ind1=" " ind2=" ">
    <subfield code="a">28 p. ; </subfield>
    <subfield code="c">21 cm.</subfield>
  </datafield>
  <datafield tag="650" ind1="1" ind2="4">
    <subfield code="a">&#xD3;peras-</subfield>
    <subfield code="v">Libretos.</subfield>
    <subfield code="9">137584</subfield>
  </datafield>
  <datafield tag="700" ind1="1" ind2=" ">
    <subfield code="a">Debussy, Claude, </subfield>
    <subfield code="d">1862-1918</subfield>
    <subfield code="9">240620</subfield>
  </datafield>
  <datafield tag="700" ind1="0" ind2=" ">
    <subfield code="a">Inghelbrecht, Germaine.</subfield>
    <subfield code="9">65289</subfield>
  </datafield>
  <datafield tag="852" ind1=" " ind2=" ">
    <subfield code="a">ES-MaACL</subfield>
    <subfield code="j">2249-F-10 </subfield>
    <subfield code="9">R.140886 </subfield>
    <subfield code="z">.- Biblioteca Jacinto Mart&#xED;nez Lacalle</subfield>
  </datafield>
  <datafield tag="999" ind1=" " ind2=" ">
    <subfield code="c">170316</subfield>
    <subfield code="d">170316</subfield>
  </datafield>
  <datafield tag="952" ind1=" " ind2=" ">
    <subfield code="0">0</subfield>
    <subfield code="1">0</subfield>
    <subfield code="4">0</subfield>
    <subfield code="7">0</subfield>
    <subfield code="8">Colecci&#xF3;n_de_folletos</subfield>
    <subfield code="a">ATENEOM</subfield>
    <subfield code="b">ATENEOM</subfield>
    <subfield code="c">DEPOF</subfield>
    <subfield code="d">2009-02-23</subfield>
    <subfield code="e">DON</subfield>
    <subfield code="l">0</subfield>
    <subfield code="o">2249-F-10</subfield>
    <subfield code="p">1178803</subfield>
    <subfield code="r">2023-02-23 00:00:00</subfield>
    <subfield code="w">2023-02-23</subfield>
    <subfield code="y">FOLLETOS</subfield>
  </datafield>
</record>
